00853nam a22002537a 450000500170000001000130001702000210003003500130005103700160006404000120008008200130009210000250010524500650013024600060019526000390020127000460024030000230028650000190030965000400032865000550036894200220042399900190044595201350046420170124110231.0 aB-077879 c00.00a812200637 aB-077879 bCen Lib/Ret aDPLbEN a080bTAN aTandon, B. N.941357 aPMO diary-I : cby B. N. Tandonb prelude to the emergency / b  bKonark Publishersc2003aNew Delhi bNew DelhiaA-149, Main Vikas Marge110092 ali,567p.c22cm(Hb) aIncludes index aGandhi, Indira, -- 1917-1984941358 aIndia -- Officials and employees -- Diaries941359 2ddccENh080mTAN c134659d134659 00104070aLbLd2015-07-30eCen Lib/Retg0.00l1m2o080 TANpB-077879r2024-10-29 00:00:00s2024-09-18t1v0.00w2015-07-30yEN